000 00980cab a22002175a 4500
001 L151091
008 100929e20100922xxk 000 0 eng d
035 _a(Sirsi) u151091
041 0 _aeng
110 2 _aCouncil of Mortgage Lenders
_95903
245 0 0 _aWho cares about housing?
_bEveryone, finds CML survey
_h[electronic resource]
260 _c2010
490 _aCML Press Release
_v22 September 2010
520 _aResearch undertaken for the Council of Mortgage Lenders (CML) by YouGov ahead of its "Future Housing" Conference revealed that 96% of individuals polled recognised that the United Kingdom has housing problems. Lists key problems and concerns highlighted by the interviewees.
590 _aKA
650 2 4 _aFUTURE HOUSING CONFERENCE
651 4 _aENGLAND AND WALES
690 _aPROPERTY-RESIDENTIAL PROPERTY-RESIDENTIAL PROPERTY MARKET
856 4 0 _uhttps://www.cml.org.uk/cml/media/press/2719
_zView this item free of charge at www.cml.org
942 _n0
999 _c82708
_d82708